| 000 | 00758nam a2200217 i 4500 | ||
|---|---|---|---|
| 001 | 74737 | ||
| 003 | ES-MaACL | ||
| 005 | 20250627063635.0 | ||
| 007 | t| | ||
| 008 | 040920s1944 sp ||||1| spa d | ||
| 100 | 1 |
_aGonzález Ruiz, Nicolás, _d1897-1967 _958946 |
|
| 245 | 1 | 0 |
_aDos mujeres bajo la leyenda del veneno : _bCatalina de Médicis, Lucrecia Borgia / _cpor Nicolás González Ruiz. |
| 260 |
_aBarcelona : _bCervantes, _c1944 ( _fClarasó) |
||
| 300 |
_a153 p. ; _c19 cm. |
||
| 490 | 1 |
_aVidas paralelas ; _v4 |
|
| 600 | 0 | 4 |
_aCatalina _cReina consorte de Enrique II, Rey de Francia. _937039 |
| 600 | 1 | 4 |
_aBorgia, Lucrezia. _930479 |
| 830 | 1 |
_aVidas paralelas ; _v4 _9183460 |
|
| 852 | 4 |
_aES-MaACL _jF-16344 |
|
| 999 |
_c74737 _d74737 |
||